عرض عادي
عرض مارك
- الطراس، محمد بسام
مدخل إسم شخص
001 - رقم الضبط
- حقل الضبط: 62122
003 - معرف رقم الضبط
- حقل الضبط: OSt
005 - تاريخ ووقت أخر عملية
- حقل الضبط: 20180416162003.0
008 - عناصر بيانات ثابتة الطول
- حقل تحكم ثابت الطول: 180416|| aca||aabn | a|a d
040 ## - مصدر الفهرسة
- هيئة الفهرسة الأصلية: OSt
- وكالة الكتابة: OSt
100 ## - مدخل -- أسم شخص
- إسم شخص: الطراس، محمد بسام
670 ## - بيانات المصدر موجوده
- الاستشهاد بالمصدر: Work cat.: (OSt): الطراس، محمد بسام, اركب معنا :, 2017
